000 00441nam a22001457a 4500
003 macl
005 20180415154229.0
008 180415b xxu||||| |||| 00| 0 eng d
040 _cmacl
100 _aअखिलेश
_972052
245 _aविश्‍व प्रसिद्ध खेल
260 _aदिल्‍ली
_bअभिमन्‍यु प्रकाशन
_c2016
650 _aखेल
_953082
942 _2ddc
_cHIN
999 _c57741
_d57741